| 000 | 00913nam a22002417a 4500 | ||
|---|---|---|---|
| 003 | OSt | ||
| 005 | 20140310181924.0 | ||
| 008 | 130719t xxu||||| |||| 00| 0 eng d | ||
| 020 | _a780562920x | ||
| 050 |
_aNA 7449.F85 _b.W959 2002 |
||
| 082 |
_aTR 951.7 _bW95 2002 |
||
| 100 |
_aWu, Guoping _92259 |
||
| 245 |
_aBa bai nian de cun luo = A village of eight hundred years : _bPeitian ji xing = a trip note of Peitian / _cGuoping Wu. |
||
| 300 |
_a178 p. _bcol. : ill. ; _c22 cm. |
||
| 521 | _aFaculty | ||
| 541 | _j1 | ||
| 562 | _e1 | ||
| 650 |
_aArchitecture, Domestic _xChina _xPeitian (Liancheng Xian) _xPictorial work _92260 |
||
| 650 |
_aVernacular architecture _xChina _xPeitian (Liancheng Xian) _xPictorial works _92261 |
||
| 650 |
_aVillages _xChina _xLiancheng Xian _xPictorial works _92262 |
||
| 650 |
_aPeitian (Liancheng Xian, China) _xDescription and travel _92263 |
||
| 942 |
_2lcc _cBK-TR _kTR |
||
| 999 |
_c7137 _d7137 |
||